Effect of paragrass silage with or without sugar palm syrup with rice bran on growth performance of cattle in dry season. ការលូតលាស់គោក្នុងស្រុកដោយប្រើប្រាស់ស្មៅបារាំងផ្អាប់មានស្ករ និង កគ្មានស្ករនៅរដូវប្រាំង. (Record no. 2516)

000 -LEADER
fixed length control field 00725nam a22001337a 4500
040 ## - CATALOGING SOURCE
Transcribing agency RUA
082 ## - DEWEY DECIMAL CLASSIFICATION NUMBER
Classification number AVM KEM 2011 B100 Or.1
100 ## - MAIN ENTRY--AUTHOR NAME
Personal name KEM, KHEN.
245 ## - TITLE STATEMENT
Title Effect of paragrass silage with or without sugar palm syrup with rice bran on growth performance of cattle in dry season. ការលូតលាស់គោក្នុងស្រុកដោយប្រើប្រាស់ស្មៅបារាំងផ្អាប់មានស្ករ និង កគ្មានស្ករនៅរដូវប្រាំង.
260 ## - PUBLICATION, DISTRIBUTION, ETC. (IMPRINT)
Place of publication phnom phen
Name of publisher RUA
Year of publication 2011
300 ## - PHYSICAL DESCRIPTION
Number of Pages X, 40p.
Other physical details ill.
Dimensions 29cm.
856 ## - ELECTRONIC LOCATION AND ACCESS
Uniform Resource Identifier https://drive.google.com/file/d/1-9ilkzZ9BF_1_Cwn0OxcNYqngvXMVHry/view?usp=sharing
942 ## - ADDED ENTRY ELEMENTS (KOHA)
Koha item type AVM
952 ## - LOCATION AND ITEM INFORMATION (KOHA)
Withdrawn status [LOCAL, KOHA] 0
952 ## - LOCATION AND ITEM INFORMATION (KOHA)
Withdrawn status [LOCAL, KOHA] 0
952 ## - LOCATION AND ITEM INFORMATION (KOHA)
Withdrawn status [LOCAL, KOHA] 0
952 ## - LOCATION AND ITEM INFORMATION (KOHA)
Withdrawn status [LOCAL, KOHA] 0
952 ## - LOCATION AND ITEM INFORMATION (KOHA)
Withdrawn status [LOCAL, KOHA] 0
952 ## - LOCATION AND ITEM INFORMATION (KOHA)
Withdrawn status [LOCAL, KOHA] 0
952 ## - LOCATION AND ITEM INFORMATION (KOHA)
Withdrawn status [LOCAL, KOHA] 0
952 ## - LOCATION AND ITEM INFORMATION (KOHA)
Withdrawn status [LOCAL, KOHA] 0
952 ## - LOCATION AND ITEM INFORMATION (KOHA)
Withdrawn status [LOCAL, KOHA] 0
Holdings
Permanent Location Date acquired Koha item type Lost status Shelving location Barcode Current Location Full call number
Library Block B2015-10-22AVM B100RUA015852Library Block BAVM KEM 2011 B100 Or.1
Library Block B2015-10-22AVM B100RUA017310Library Block BAVM KEM 2011 B100 Or.2
Library Block B2015-10-22AVM B100RUA015944Library Block BAVM KEM 2011 B100 Or.3
Library Block B2015-10-22AVM B100RUA016411Library Block BAVM KEM 2011 B100 Or.4
Library Block B2015-10-22AVM B100RUA016483Library Block BAVM KEM 2011 B100 Or.5
Library Block B2015-10-22AVM B100RUA010514Library Block BAVM KEM 2011 B100 Or.6
Library Block B2015-10-22AVM B100RUA027981Library Block BAVM KEM 2011 B100 Or.7
Library Block B2015-10-22AVM B100RUA010441Library Block BAVM KEM 2011 B100 Or.8
Library Block B2015-10-22AVM B100RUA010964Library Block BAVM KEM 2011 B100 Or.9
មជ្ឈមណ្ឌលឯការនៃសាកលវិទ្យាល័យភូមិន្ទកសិកម្មចំការដូង

Powered by Koha